German vocabulary - Statistics

General Stats
  • This quiz has been taken 41 times
  • The average score is 5 of 12
Answer Stats
Hint Answer % Correct
Hungry hungrig
73%
Smart klug
70%
Thirsty durstig
53%
Tree der Baum
50%
Mountain der Berg
50%
Actor der Schauspieler
47%
Soap die Seife
37%
Company das Unternehmen
30%
Pope der Papst
30%
Opportunity die Gelegenheit
30%
Unit die Einheit
27%
Medieval mittelalterlich
20%
No matching quizzes found
Score Distribution
Percent of People with Each Score
Percentile by Number Answered
Your Score History
You have not taken this quiz